Statystyki dla Quiz o ,,Niesamowity świat Gumballa"

Kliknij tutaj aby rozwiązać quiz!

Ogólne statystyki

  • Ten quiz został rozwiązany 185 razy
  • Średni wynik to 6 z 26

Statystyki odpowiedzi

HintOdpowiedź% Poprawnych
Nazwisko tytułowego bohateraWatterson
90%
Kolor domu głównych postaciNiebieski
68%
Miasto, w którym dzieje się akcja w kreskówceElmore
53%
Chciał uratować wszystkich przed wciągnięciem do otchłaniRob
47%
Wredna nauczycielka, która spotyka się z dyrektoremLucy Simian
43%
Co było w wazie, którą główne postacie dostały od babci Jojo?Prochy pytona
35%
Miejsce, w którym pracuje NicoleTęczowa Fabryka
35%
Nauczyciel z klaustrofobiąSteve Small
32%
Rodzina, która śpiewała piosenkę o pizzyRodzina Bananów
28%
Narcystyczna postaćTobias Wilson
23%
Twórca kreskówkiBen Bocquelet
22%
Czym jest najczęściej pojawiający się szeryf?Donut
21%
Osoba, przez którą nabawił się klaustrofobiiGumball Watterson
18%
Postać, którą wchłonęła otchłań, przez to jaka byłą nudnaMolly Collins
18%
Osoba, którą bardzo lubi główna postać bez wzjamenościGaylord Robinson
16%
Ostatni odcinek kreskówkiInkwizycja
16%
Dawne imię głównej postaciZach
11%
Jak nazywa się ojciec Richarda?Frankie Watterson
9%
"Czyste zło wcielone"Margaret Robinson
8%
Pierwszy odcinek kreskówkiDVD
6%
Właściciel tego miejscaPan Yoshida
6%
Drugie imię głównej postaciTristopher
6%
Osoba, którą miał uratować RichardPrezydent
5%
Imię konia RichardaWunderklop
5%
Wuefista ze szkołyCoach Russo
3%
Jak nazywa się sąsiad rodziny Gumballa, listonosz?Hary Gedges
2%

Rozkład punktacji

Percentyl według liczby udzielonych odpowiedzi

Procent ludzi z każdym wynikiem

Twoja historia wyników

Nie rozwiązałeś tego quizu